| 000 | 01373nam a22002537a 4500 | ||
|---|---|---|---|
| 999 |
_c8097 _d8097 |
||
| 003 | AR-CdUCM | ||
| 008 | 190322b ||||| |||| 00| 0 spa d | ||
| 040 |
_aMUNICIPALIDAD PROVINCIAL DEL CUSCO _cBIBLIOTECA MUNICIPAL DEL CUSCO |
||
| 082 |
_a633.10 / _bA65 |
||
| 100 |
_aÁlvarez Cáceres, Aquilino _922869 |
||
| 245 | _aCatálogo de caracterización del germoplasma del banco ex situ del programa de investigación en kiwicha del Ica - Faz- UNSAAC / | ||
| 260 |
_aCusco : _bFundación Universitaria para la Investigación, Desarrollo, Ciencia y Cultura San Antonio Abad del Cusco _bConvenio entre el Consejo Interuniversitario de la Comunidad Francesa de Bélgica / _c2013. |
||
| 300 |
_a437 paginas ; _bIlustraciones _c30 cm. |
||
| 505 | _aContenido :Nuestra filosofía universitaria / Julio de Armas -- La lobotomía transorbitaria / J. A. Mata de Gregorio -- Relaciones actuales de la antropología con la psicología y la sociología / | ||
| 650 |
_aBanco de germoplasma vegetal _922870 |
||
| 650 |
_aKiwicha _921518 |
||
| 650 |
_aRecursos de germoplasma _922871 |
||
| 650 |
_aCatalogos _95399 |
||
| 700 |
_aCéspedes Flórez, Elisabet _922872 |
||
| 700 |
_aPacheco Farfán, Doris Flor _922873 |
||
| 710 |
_aFundación Universitaria para la Investigación, Desarrollo, Ciencia y Cultura San Antonio Abad del Cusco _922874 |
||
| 942 |
_2ddc _cLIBROS |
||
| 945 | _arjall | ||